| 000 | 01241cam a2200325 a 4500 | ||
|---|---|---|---|
| 999 |
_c342430 _d342430 |
||
| 001 | 13962099 | ||
| 003 | NUST | ||
| 005 | 20171227105215.0 | ||
| 008 | 050511s2005 nyu 000 1 eng | ||
| 010 | _a 2005044310 | ||
| 020 | _a9780743245548 | ||
| 020 | _a0743245547 | ||
| 040 |
_aDLC _cDLC _dDLC |
||
| 043 | _an-us-nc | ||
| 050 | 0 | 0 |
_aPS3552.R718 _bC54 2005 |
| 082 | 0 | 0 |
_a813.54 _bBRO |
| 100 | 1 |
_aBrown, Sandra, _d1948- _97657 |
|
| 245 | 1 | 0 |
_aChill factor / _cSandra Brown. |
| 260 |
_aNew York : _bSimon & Schuster, _c2005. |
||
| 300 |
_a389 p. ; _c25 cm. |
||
| 650 | 0 |
_aStorms _vFiction. _97658 |
|
| 650 | 0 |
_aMountain life _vFiction. _97659 |
|
| 650 | 0 |
_aSerial murders _vFiction. _97660 |
|
| 650 | 0 |
_aVacation homes _vFiction. _97661 |
|
| 651 | 0 |
_aNorth Carolina _vFiction. _97662 |
|
| 655 | 7 |
_aRomantic suspense fiction. _2gsafd _95598 |
|
| 856 | 4 | 2 |
_3Publisher description _uhttp://www.loc.gov/catdir/enhancements/fy0631/2005044310-d.html |
| 856 | 4 | 1 |
_3Sample text _uhttp://www.loc.gov/catdir/enhancements/fy0641/2005044310-s.html |
| 906 |
_a7 _bcbc _corignew _d1 _eocip _f20 _gy-gencatlg |
||
| 942 |
_2ddc _cBK |
||